Catálogo público

Ciencia de los alimentos, nutrición y salud / (Record no. 173182)

MARC details
000 -CABECERA
campo de control de longitud fija 01133nam a2200349Ia 4500
001 - NÚMERO DE CONTROL
campo de control dia_2664
003 - IDENTIFICADOR DEL NÚMERO DE CONTROL
campo de control CHAP
005 - FECHA Y HORA DE LA ÚLTIMA TRANSACCIÓN
campo de control 20230313104423.0
008 - DATOS DE LONGITUD FIJA--INFORMACIÓN GENERAL
campo de control de longitud fija 220117s1992 xx 000 0 und d
010 ## - NÚMERO DE CONTROL DE LA BIBLIOTECA DEL CONGRESO
Número de control de LC 173182
020 ## - NÚMERO INTERNACIONAL ESTÁNDAR DEL LIBRO
Número Internacional Estándar del Libro 978-968-18-4257-4
040 ## - FUENTE DE LA CATALOGACIÓN
Centro/agencia transcriptor CHAP
082 ## - NÚMERO DE LA CLASIFICACIÓN DECIMAL DEWEY
Número de clasificación 641.1 F69 1992
100 ## - ENTRADA PRINCIPAL--NOMBRE DE PERSONA
Nombre de persona Fox, Brian A.
9 (RLIN) 42799
245 ## - MENCIÓN DE TÍTULO
Título Ciencia de los alimentos, nutrición y salud /
Mención de responsabilidad, etc. Brian A. Fox y Allan G. Cameron ; traducción Carlos Alberto García Ferrer
260 ## - PUBLICACIÓN, DISTRIBUCIÓN, ETC.
Lugar de publicación, distribución, etc. México :
Nombre del editor, distribuidor, etc. Limusa,
Fecha de publicación, distribución, etc. 1992
300 ## - DESCRIPCIÓN FÍSICA
Extensión 457 p.
500 ## - NOTA GENERAL
Nota general Título original: Food science, nutrition & health
503 ## - NOTA DE HISTORIA BIBLIOGRÁFICA (BK CF MU) [OBSOLETO]
Nota de historia bibliográfica C/e (ej.1) \ C. (ej.2)
504 ## - NOTA DE BIBLIOGRAFÍA, ETC.
Nota de bibliografía, etc. Incluye bibliografías
590 ## - NOTA LOCAL (RLIN)
Nota local TX354 F69 1992
650 ## - PUNTO DE ACCESO ADICIONAL DE MATERIA--TÉRMINO DE MATERIA
Término de materia o nombre geográfico como elemento de entrada Alimentos
Subdivisión general Composición
9 (RLIN) 147780
650 ## - PUNTO DE ACCESO ADICIONAL DE MATERIA--TÉRMINO DE MATERIA
Término de materia o nombre geográfico como elemento de entrada Food
Subdivisión general Composition
9 (RLIN) 147782
650 ## - PUNTO DE ACCESO ADICIONAL DE MATERIA--TÉRMINO DE MATERIA
Término de materia o nombre geográfico como elemento de entrada Nutrición
9 (RLIN) 82246
650 ## - PUNTO DE ACCESO ADICIONAL DE MATERIA--TÉRMINO DE MATERIA
Término de materia o nombre geográfico como elemento de entrada Nutrition
9 (RLIN) 147888
700 ## - PUNTO DE ACCESO ADICIONAL--NOMBRE DE PERSONA
Nombre de persona Cameron, Allan G., coaut.
9 (RLIN) 153324
700 ## - PUNTO DE ACCESO ADICIONAL--NOMBRE DE PERSONA
Nombre de persona García Ferrer, Carlos Alberto, tr.
9 (RLIN) 153325
901 ## - ELEMENTOS DE DATOS A LOCAL LDA (RLIN)
a 641.1 F69 1992
902 ## - ELEMENTOS DE DATOS B LOCAL, LDB (RLIN)
a M
905 ## - ELEMENTOS DE DATOS E LOCAL, LDE (RLIN)
a 5232271992 mx aimn8222223322spa16
942 ## - ELEMENTOS DE PUNTO DE ACCESO ADICIONAL (KOHA)
Tipo de ítem Koha Libro
Fuente del sistema de clasificación o colocación Dewey Decimal Classification
Holdings
Estado de retiro Estado de pérdida Fuente del sistema de clasificación o colocación Estado dañado No para préstamo Código de colección Localización permanente Ubicación/localización actual Fecha de adquisición Información codificada de la localización en otra ubicación Total de préstamos Renovaciones totales Signatura topográfica completa Código de barras Fecha visto por última vez Fecha del último préstamo Número de copia Precio válido a partir de Tipo de ítem Koha Restricciones de uso Fuente de adquisición Coste, precio normal de compra Número de inventario
    Dewey Decimal Classification     General Ingenieria Agroindustrial Ingenieria Agroindustrial 18/01/2022 1 4 4 641.1 F69 1992 dia_010596 20/08/2024 14/08/2024 2 18/01/2022 Libro        
    Dewey Decimal Classification     General Ingenieria Agroindustrial Ingenieria Agroindustrial 20/09/1994   1   641.1 F69 1992 dia_004138 10/02/2025 10/02/2025 1   Libro Préstamo interno Compra Librería Patena F. 770 / R. (20/09/1994) 44.00 C/e